| 000 | 00408cam a2200169ua 4500 | ||
|---|---|---|---|
| 020 | _c1.75 | ||
| 041 |
_aeng _h |
||
| 082 |
_a370.14 _bAHL/AV |
||
| 100 | _aAhluwalia, S.L . | ||
| 245 |
_aA.V aids in community development / _cS.L Ahluwalia. _hTextual Documents |
||
| 260 |
_aNew Delhi : _bNCERT , _c1964. |
||
| 300 | _a48 ; . | ||
| 365 | _a1.75 | ||
| 504 | _a | ||
| 942 | _cBK | ||
| 999 |
_c6479 _d6479 |
||